|
|
|
|
| LEADER |
00906aam a22002898a 4500 |
| 001 |
00028620 |
| 005 |
20171026081025.0 |
| 008 |
120329s2008 ||||||viesd |
| 020 |
|
|
|c 25000
|
| 041 |
0 |
# |
|a vie
|
| 082 |
1 |
4 |
|a 155.5
|b B112B
|
| 100 |
1 |
# |
|d Tổng hợp
|a Phạm, Phương Nhi
|
| 245 |
1 |
0 |
|a 7 bí mật của tuổi mới lớn
|c Phạm Phương Nhi
|
| 260 |
# |
# |
|b Trẻ
|c 2008
|a TP. Hồ Chí Minh
|
| 300 |
# |
# |
|a 217tr.
|c 19cm.
|
| 650 |
# |
4 |
|a Tâm lý học
|x Khán phá
|
| 653 |
# |
# |
|a Công tác xã hội
|
| 653 |
# |
# |
|a Giao tiếp
|
| 653 |
# |
# |
|a Tuổi dậy thì
|
| 653 |
# |
# |
|a Tâm lý
|
| 653 |
# |
# |
|a Ứng xử
|
| 852 |
# |
# |
|b Kho mượn
|j KM.0013813
|
| 852 |
# |
# |
|b Kho đọc
|j KD.0012758
|
| 852 |
# |
# |
|j KD.0012758
|j KM.0013813
|
| 910 |
|
|
|d 29/03/2012
|
| 980 |
# |
# |
|a Trung tâm Học liệu Lê Vũ Hùng, Trường Đại học Đồng Tháp
|